00385nam a2200121Ia 4500008004100000245004600041260000900087300003200096440002400128650002000152999001900172952007200191180117s9999 xx 000 0 und d 4aThe power of Community in Art Development c2017 a12-14 pages, 2017 October 1 aPhilippine Panorama aART DEVELOPMENT c353307d353307 001040aCLbCLd2018-01-17l0r2018-01-17 00:00:00w2018-01-17ySE